Statistics for Top 10 Spanish male christian names in 2016 births

Click here to take the quiz!

General Stats

  • This quiz has been taken 11 times
  • The average score is 4 of 10

Answer Stats

Answer % Correct
Pablo
60%
Javier
60%
Daniel
50%
Alejandro
50%
David
50%
Diego
50%
Hugo
20%
Alvaro
20%
Adrian
20%
Mario
20%

Score Distribution

Percentile by Number Answered

Percent of People with Each Score

Your Score History

You have not taken this quiz